Statistiken für Länder nach teilweisem Satellitenbild #3

Klicken Sie hier um das Quiz zu spielen!

Allgemein

  • Dieses Quiz wurde 147 mal gespielt
  • Das Durchschnittsergebnis liegt bei 10 aus 15

Antwortstatistiken

Antwort% Korrekt
Ägypten
94%
Norwegen
94%
Island
93%
Irland
85%
China
74%
Russland
73%
Kanada
70%
Vereinigte Staaten
69%
Haiti
64%
Australien
62%
Chile
52%
Indien
51%
Thailand
50%
Niederlande
40%
Senegal
14%

Verteilung der Resultate

Perzentil nach korrekt beantworteten Fragen

Anzahl Personen mit jedem Resultat

Ihre Resultats-Entwicklung

Sie haben dieses Quiz noch nicht gespielt